000 01160nam a2200313 a 4500
001 ebr10380992
003 CaPaEBR
006 m u
007 cr cn|||||||||
008 100601s2010 inua s 001 0 eng d
010 _z 2009930281
020 _z9780470438527
020 _z9780470649770 (e-book)
040 _aCaPaEBR
_cCaPaEBR
035 _a(OCoLC)647915257
050 1 4 _aTK5105.8885.D78
_bR43 2010eb
100 1 _aRedding, Jacob.
245 1 0 _aBeginning Drupal
_h[electronic resource] /
_cJacob Redding.
260 _aIndianapolis, Ind. :
_bWiley Pub., Inc.,
_c2010.
300 _axxv, 453 p. :
_bill.
490 0 _aWrox programmer to programmer
500 _aIncludes index.
533 _aElectronic reproduction.
_bPalo Alto, Calif. :
_cebrary,
_d2013.
_nAvailable via World Wide Web.
_nAccess may be limited to ebrary affiliated libraries.
630 0 0 _aDrupal (Computer file)
650 0 _aWeb sites
_xSecurity measures.
655 7 _aElectronic books.
_2local
710 2 _aebrary, Inc.
856 4 0 _uhttp://site.ebrary.com/lib/rucke/Doc?id=10380992
_zAn electronic book accessible through the World Wide Web; click to view
999 _c102320
_d102320